00401cam a22001097a 4500008004000000082001900040245008600059260005700145300000900202650003900211700004100250180718b1962 xxu||||| |||| 00| 0 eng d aA2:T25084 N213 aResearch studies of the Conference Boardcby National Industrial Conference Board aNew YorkbNational Industrial Conference Boardc1962 a32p. aIndustrial Research - Bibliography aNational Industrial Conference Board